| 000 | 00410nam a2200157 a 4500 | ||
|---|---|---|---|
| 001 | 3034 | ||
| 003 | CDMR | ||
| 005 | 20130326114215.0 | ||
| 008 | 130130s1964||||||||||||||||||||||||||||d | ||
| 040 |
_aCDMR _bcat _cCPC LLEIDA |
||
| 100 | 1 |
_aGaziel _949 |
|
| 245 | 1 | 0 |
_aParís 1914 _b: diari d'un estudiant _cGAZIEL |
| 260 |
_aBarcelona _c1964 _bAedos |
||
| 490 | 0 |
_aBiblioteca biogràfica catalana _v39 |
|
| 942 |
_cMON _2udc |
||
| 999 |
_c3034 _d3034 |
||